[Event "DEM U18w 2025"]
[Site "Willingen GER"]
[Date "2025.06.11"]
[Round "5"]
[White "Loos, Violeta"]
[Black "Heuberger, Sandra"]
[Result "1-0"]
[Termination "normal"]
[Board "14"]
[WhiteElo "1544"]
[BlackElo "1550"]
[WhiteClock "00:13:43"]
[BlackClock "00:06:57"]
[PlyCount "141"]
[WhiteFideId "34605290"]
[BlackFideId "16232151"]
[EventCountry "GER"]
[EventRounds "9"]
[EventType "swiss"]
[EventDate "2025.06.07"]

1. e4 {[%clk 01:30:58]} {[%emt 00:00:03]} e5 {[%clk 01:30:52]} {[%emt
00:00:07]} 2. Nc3 {[%clk 01:31:22]} {[%emt 00:00:07]} Nf6 {[%clk 01:31:02]}
{[%emt 00:00:19]} 3. Nf3 {[%clk 01:31:38]} {[%emt 00:00:15]} Nc6 {[%clk
01:30:40]} {[%emt 00:00:52]} 4. Bb5 {[%clk 01:31:59]} {[%emt 00:00:07]} d6
{[%clk 01:29:33]} {[%emt 00:01:38]} 5. h3 {[%clk 01:31:29]} {[%emt 00:00:59]}
Be7 {[%clk 01:28:23]} {[%emt 00:01:40]} 6. d4 {[%clk 01:29:54]} {[%emt
00:02:06]} exd4 {[%clk 01:27:33]} {[%emt 00:01:20]} 7. Nxd4 {[%clk 01:30:12]}
{[%emt 00:00:12]} Bd7 {[%clk 01:26:33]} {[%emt 00:01:30]} 8. Nf5 {[%clk
01:27:43]} {[%emt 00:02:59]} Bxf5 {[%clk 01:18:52]} {[%emt 00:08:12]} 9. exf5
{[%clk 01:26:54]} {[%emt 00:01:18]} Qd7 {[%clk 01:17:20]} {[%emt 00:02:01]} 10.
Qf3 {[%clk 01:25:39]} {[%emt 00:01:45]} d5 {[%clk 01:14:02]} {[%emt 00:03:49]}
11. O-O {[%clk 01:16:00]} {[%emt 00:10:09]} a6 {[%clk 01:08:22]} {[%emt
00:06:09]} 12. Bxc6 {[%clk 01:10:01]} {[%emt 00:06:29]} Qxc6 {[%clk 01:08:23]}
{[%emt 00:00:29]} 13. Re1 {[%clk 01:09:37]} {[%emt 00:00:54]} Qd7 {[%clk
01:05:52]} {[%emt 00:03:01]} 14. Qe2 {[%clk 01:08:55]} {[%emt 00:01:12]} O-O
{[%clk 00:58:53]} {[%emt 00:07:29]} 15. Bd2 {[%clk 00:53:56]} {[%emt 00:15:29]}
Rae8 {[%clk 00:57:56]} {[%emt 00:01:26]} 16. Qf3 {[%clk 00:53:07]} {[%emt
00:01:20]} c6 {[%clk 00:55:59]} {[%emt 00:02:27]} 17. Rad1 {[%clk 00:51:08]}
{[%emt 00:02:29]} Bc5 {[%clk 00:51:05]} {[%emt 00:05:24]} 18. Bg5 {[%clk
00:43:12]} {[%emt 00:08:27]} Qd6 {[%clk 00:44:01]} {[%emt 00:07:32]} 19. Bf4
{[%clk 00:36:38]} {[%emt 00:07:05]} Qd8 {[%clk 00:38:05]} {[%emt 00:06:26]} 20.
Qg3 {[%clk 00:21:54]} {[%emt 00:15:14]} Nh5 {[%clk 00:33:30]} {[%emt 00:05:06]}
21. Qg4 {[%clk 00:22:12]} {[%emt 00:00:10]} Nxf4 {[%clk 00:30:47]} {[%emt
00:03:14]} 22. Qxf4 {[%clk 00:22:32]} {[%emt 00:00:10]} Qf6 {[%clk 00:28:24]}
{[%emt 00:02:51]} 23. Kf1 {[%clk 00:16:38]} {[%emt 00:06:26]} Bd6 {[%clk
00:25:43]} {[%emt 00:03:11]} 24. Qg4 {[%clk 00:15:49]} {[%emt 00:01:17]} Re5
{[%clk 00:22:08]} {[%emt 00:04:03]} 25. Rxe5 {[%clk 00:15:29]} {[%emt
00:00:53]} Bxe5 {[%clk 00:20:57]} {[%emt 00:01:42]} 26. Rd3 {[%clk 00:14:59]}
{[%emt 00:01:00]} Bd6 {[%clk 00:15:20]} {[%emt 00:06:07]} 27. Re3 {[%clk
00:12:51]} {[%emt 00:02:37]} Bc5 {[%clk 00:13:58]} {[%emt 00:01:52]} 28. Rg3
{[%clk 00:12:57]} {[%emt 00:00:24]} Re8 {[%clk 00:12:43]} {[%emt 00:01:46]} 29.
Rf3 {[%clk 00:03:33]} {[%emt 00:09:54]} Qe5 {[%clk 00:10:54]} {[%emt 00:02:19]}
30. g3 {[%clk 00:02:07]} {[%emt 00:01:55]} f6 {[%clk 00:09:27]} {[%emt
00:01:58]} 31. Qh5 {[%clk 00:00:55]} {[%emt 00:01:42]} d4 {[%clk 00:07:02]}
{[%emt 00:02:56]} 32. Na4 {[%clk 00:00:43]} {[%emt 00:00:41]} Ba7 {[%clk
00:05:52]} {[%emt 00:01:38]} 33. b3 {[%clk 00:00:42]} {[%emt 00:00:33]} Rd8
{[%clk 00:05:16]} {[%emt 00:01:04]} 34. Rd3 {[%clk 00:00:46]} {[%emt 00:00:28]}
Qe4 {[%clk 00:04:36]} {[%emt 00:01:06]} 35. Qf3 {[%clk 00:00:52]} {[%emt
00:00:27]} Qxf3 {[%clk 00:04:14]} {[%emt 00:00:53]} 36. Rxf3 {[%clk 00:01:19]}
{[%emt 00:00:03]} b5 {[%clk 00:04:28]} {[%emt 00:00:17]} 37. Nb2 {[%clk
00:01:37]} {[%emt 00:00:12]} c5 {[%clk 00:04:36]} {[%emt 00:00:21]} 38. Nd3
{[%clk 00:01:13]} {[%emt 00:00:54]} a5 {[%clk 00:04:01]} {[%emt 00:01:06]} 39.
Ke2 {[%clk 00:00:58]} {[%emt 00:00:45]} Kf7 {[%clk 00:02:38]} {[%emt 00:01:53]}
40. Rf4 {[%clk 00:00:50]} {[%emt 00:00:36]} Re8+ {[%clk 00:01:52]} {[%emt
00:01:16]} 41. Kd2 {[%clk 00:00:34]} {[%emt 00:00:47]} Bb8 {[%clk 00:01:05]}
{[%emt 00:01:16]} 42. Rh4 {[%clk 00:29:46]} {[%emt 00:01:19]} h6 {[%clk
00:30:17]} {[%emt 00:01:18]} 43. Nxc5 {[%clk 00:26:10]} {[%emt 00:04:06]} Bd6
{[%clk 00:25:06]} {[%emt 00:05:38]} 44. Ne6 {[%clk 00:23:46]} {[%emt 00:02:57]}
Bb4+ {[%clk 00:23:57]} {[%emt 00:01:39]} 45. Kd3 {[%clk 00:23:14]} Be1 {[%clk
00:22:53]} {[%emt 00:02:35]} 46. Rg4 {[%clk 00:21:53]} g5 {[%clk 00:22:53]} 47.
Rxd4 {[%clk 00:21:53]} Bxf2 {[%clk 00:18:27]} {[%emt 00:08:54]} 48. Rd7+ {[%clk
00:20:21]} Re7 {[%clk 00:16:19]} {[%emt 00:03:33]} 49. Rxe7+ {[%clk 00:17:34]}
Kxe7 {[%clk 00:16:31]} {[%emt 00:03:36]} 50. g4 {[%clk 00:17:48]} Kd6 {[%clk
00:15:41]} {[%emt 00:01:35]} 51. c4 {[%clk 00:17:18]} b4 {[%clk 00:13:25]}
{[%emt 00:03:46]} 52. Ke4 {[%clk 00:16:33]} {[%emt 00:01:15]} Bg1 {[%clk
00:11:24]} {[%emt 00:02:33]} 53. Nd8 {[%clk 00:13:35]} {[%emt 00:03:27]} Kc7
{[%clk 00:07:56]} {[%emt 00:03:59]} 54. Nf7 {[%clk 00:13:04]} {[%emt 00:01:01]}
Bc5 {[%clk 00:07:47]} {[%emt 00:00:33]} 55. Kd5 {[%clk 00:13:05]} {[%emt
00:00:34]} Be3 {[%clk 00:06:04]} {[%emt 00:02:13]} 56. Nxh6 {[%clk 00:13:03]}
{[%emt 00:00:32]} Kd7 {[%clk 00:05:54]} {[%emt 00:00:39]} 57. Ng8 {[%clk
00:12:53]} {[%emt 00:00:40]} Bf4 {[%clk 00:05:15]} {[%emt 00:01:11]} 58. Nxf6+
{[%clk 00:12:57]} {[%emt 00:00:25]} Ke7 {[%clk 00:05:32]} {[%emt 00:00:13]} 59.
Ne4 {[%clk 00:12:56]} {[%emt 00:00:31]} Kf7 {[%clk 00:04:51]} {[%emt 00:01:10]}
60. c5 {[%clk 00:12:46]} {[%emt 00:00:41]} Ke7 {[%clk 00:04:55]} {[%emt
00:00:26]} 61. c6 {[%clk 00:12:43]} {[%emt 00:00:33]} Kf7 {[%clk 00:04:48]}
{[%emt 00:00:37]} 62. Nd6+ {[%clk 00:12:44]} {[%emt 00:00:29]} Ke7 {[%clk
00:04:55]} {[%emt 00:00:22]} 63. c7 {[%clk 00:12:33]} {[%emt 00:00:42]} Bxd6
{[%clk 00:05:14]} {[%emt 00:00:11]} 64. c8=Q {[%clk 00:12:50]} {[%emt
00:00:13]} Bf4 {[%clk 00:05:23]} {[%emt 00:00:21]} 65. Qe6+ {[%clk 00:12:18]}
{[%emt 00:01:00]} Kf8 {[%clk 00:05:36]} {[%emt 00:00:20]} 66. Qd7 {[%clk
00:12:31]} {[%emt 00:00:16]} Kg8 {[%clk 00:05:46]} {[%emt 00:00:21]} 67. Ke6
{[%clk 00:12:47]} {[%emt 00:00:13]} Kh8 {[%clk 00:06:06]} {[%emt 00:00:11]} 68.
Kf6 {[%clk 00:13:04]} {[%emt 00:00:11]} Be5+ {[%clk 00:06:13]} {[%emt
00:00:25]} 69. Kxe5 {[%clk 00:13:23]} {[%emt 00:00:11]} Kg8 {[%clk 00:06:36]}
{[%emt 00:00:07]} 70. Kf6 {[%clk 00:13:43]} {[%emt 00:00:09]} Kh8 {[%clk
00:06:57]} {[%emt 00:00:10]} 71. Qg7# {[%emt 00:00:04]} 1-0